000 00809nam a22001935i 4500
001 152564
003 ES-MaACL
005 20230906204809.0
008 990408s1883 fr f |||| | fre d
040 _aCCPB | B
_bspa
_cCCPB | B
100 0 _aBourru, Henri.
_931026
245 1 0 _aGéographie des épidémies de fièvre jaune moyens de s'en garantir
_b: communication faite au Congrés des societés françaises de géographie tenu á Bourdeaux le 4 septembre 1882 /
_cpar Henri Bourru.
260 _aBordeaux :
_b[s.n.],
_c1883 (
_fImprimerie G. Gounouilhou)
300 _a[4], 14 p., [1] h. de lám. ;
_c24 cm.
599 1 _aLa h. de lám. es un mapa.
650 4 _aEpidemias.
_9135999
650 0 4 _aFiebre amarilla.
_912774
852 _aES-MaACL
_jT-468-F-16
_z-- Enc. hol.
_z-- Enc. en un vol. facticio
999 _c152564
_d152564